| 000 | 00000nas##2200000za#4500 |
| 001 | 9.507148 |
| 003 | CaOODSP |
| 005 | 20200325101417 |
| 007 | cr ||||||||||| |
| 008 | 150406c2001||||xxc|| p o||||f| |0eng|d |
| 040 | |aCaOODSP|beng |
| 043 | |an-cn--- |
| 086 | 1 |aRH32-1E-PDF |
| 110 | 1 |aCanada.|bHuman Resources Development Canada. |bOffice for Disability Issues. |
| 245 | 10|aDisability research bulletin |h[electronic resource] |
| 260 | |aOttawa - Ontario : |bHuman Resources Development Canada. |
| 310 | |aSemi-annual |
| 362 | 1 |a2000--[2002?] |
| 690 | 07|aBarrier free access|2gcpds |
| 690 | 07|aPhysical disabilities|2gcpds |
| 775 | 08|tBulletin de recherche sur la condition des personnes handicapées |w(CaOODSP)9.503539 |
| 776 | 0#|tDisability research bulletin |w(CaOODSP)9.508666 |
| 776 | 0#|tBulletin de recherche sur la condition des personnes handicapées |w(CaOODSP)9.508667 |